000 00472nam a2200181Ia 4500
008 131103s9999 xx 000 0 und d
020 _a440217490
040 _aLoreto College
041 _aEnglish
082 _aF/FOL
_bLCLIB/39488
100 _aFollett,Ken
245 2 _aA Dangerous fortune
_cKen Follett
260 _aNew York
_bIsland Books Dell Publishing
_c1993
300 _a568 p.
_c 17 cm.
650 _aFiction in English
850 _aLCLIIB
942 _cBK
999 _c14514
_d64993